Catálogo Biblioteca Central

Guía del Museo Nacional de arte romano (Registro nro. 199337)

Detalles MARC
000 -CABECERA
campo de control de longitud fija 01084nam a22002897a 4500
001 - NÚMERO DE CONTROL
campo de control 199337
003 - IDENTIFICADOR DEL NÚMERO DE CONTROL
campo de control ES-MaBCM
005 - FECHA Y HORA DE LA ÚLTIMA TRANSACCIÓN
campo de control 20230301070857.0
008 - CÓDIGOS DE INFORMACIÓN DE LONGITUD FIJA
campo de control de longitud fija 150625b spu||||| |||| 00| 0 spa d
017 ## - NÚMERO DE COPYRIGHT O DE DEPÓSITO LEGAL
Fuente D.L.
Depósito legal M.27223-2013
020 ## - NÚMERO INTERNACIONAL NORMALIZADO PARA LIBROS(ISBN)
Número Internacional Normalizado para Libros (ISBN) 978-84-8181-547-4
021 ## -
-- xx
024 7# - OTROS IDENTIFICADORES NORMALIZADOS
Fuente del número o código NIPO
Número normalizado o código 030-13-188-2
035 ## - NÚMERO DE CONTROL DEL SISTEMA
Número de control de sistema (OCoLC)928792312
040 ## - FUENTE DE LA CATALOGACIÓN
Centro transcriptor ES-MaBCM
110 2# - PUNTO DE ACCESO PRINCIPAL - NOMBRE DE ENTIDAD CORPORATIVA
9 (RLIN) 118869
Nombre de entidad corporativa o nombre de jurisdicción como elemento inicial Museo Nacional de Arte Romano (Mérida)
245 10 - MENCIÓN DE TÍTULO
Título Guía del Museo Nacional de arte romano
Mención de responsabilidad etc. [textos, José María Álvarez Martínez ... et al. ; revisión, actualización y adiciones a la nueva edición, Rafael Sabio González, María José Ferreira López]
300 ## - DESCRIPCIÓN FÍSICA
Extensión 87 p.
Otras características físicas il.col, mapas
Dimensiones 24 cm.
504 ## - NOTA DE BIBLIOGRAFÍA, ETC.
Nota de bibliografía etc. Bibliografía [p.85-86]. Indice
610 20 - PUNTO DE ACCESO ADICIONAL DE MATERIA--NOMBRE DE ENTIDAD CORPORATIVA
9 (RLIN) 118869
Nombre de entidad corporativa o nombre de jurisdicción como elemento inicial Museo Nacional de Arte Romano (Mérida)
Subdivisión de forma Guía turistica
650 #7 - PUNTO DE ACCESO ADICIONAL DE MATERIA--TÉRMINO DE MATERIA
Término de materia o nombre geográfico como elemento inicial Patrimonio artístico
9 (RLIN) 59736
650 #7 - PUNTO DE ACCESO ADICIONAL DE MATERIA--TÉRMINO DE MATERIA
Término de materia o nombre geográfico como elemento inicial Artes
9 (RLIN) 57605
700 1# - PUNTO DE ACCESO ADICIONAL--NOMBRE DE PERSONA
9 (RLIN) 118870
Nombre de persona Álvarez Martínez, José María
700 1# - PUNTO DE ACCESO ADICIONAL--NOMBRE DE PERSONA
9 (RLIN) 118871
Nombre de persona Sabio González, Rafael
700 1# - PUNTO DE ACCESO ADICIONAL--NOMBRE DE PERSONA
9 (RLIN) 118872
Nombre de persona Ferreira López, María José
942 ## - ELEMENTOS DE PUNTO DE ACCESO ADICIONAL (KOHA)
Fuente del sistema de clasificación o colocación Universal Decimal Classification
Tipo de ítem Koha Libros
Existencias
Estado de retiro Estado de pérdida Fuente del sistema de clasificación o colocación Estado dañado No para préstamo Localización permanente Ubicación/localización actual Ubicación en estantería Fecha de adquisición Fuente de adquisición Signatura topográfica completa Código de barras Fecha visto por última vez Precio válido a partir de Tipo de ítem Koha
    Universal Decimal Classification     Biblioteca Central del Ministerio de la Presidencia Biblioteca Central del Ministerio de la Presidencia Sala 25/06/2015 Sub. Gral de Publicaciones SALA 78.01-03 1070153 25/06/2015 25/06/2015 Libros